| 000 | 00336nam a2200121Ia 4500 | ||
|---|---|---|---|
| 008 | 210430s9999 xx 000 0 und d | ||
| 020 | _a3120-3120-3120-3120 | ||
| 082 | _a891.423 B9328 K | ||
| 100 | _aSyed Ahmed Shah Pitras Bukhari | ||
| 245 |
_aKulyaat-e-Pitras _cSyed Ahmed Shah Pitras Bukhari |
||
| 300 | _a496p. | ||
| 942 |
_cBK _2ddc |
||
| 999 |
_c563941 _d563941 |
||